| 000 | 00655nam a22002297a 4500 | ||
|---|---|---|---|
| 003 | UA-OsUOA | ||
| 001 | 90514 | ||
| 007 | ta | ||
| 008 | 20121117b un ||||| |||| 00| 0 ukr d | ||
| 100 | _aМаркуш О. | ||
| 090 |
_a821.161.2 _bМ27 |
||
| 942 | _cBK | ||
| 040 |
_aUA-OsUOA _bukr _cUA-OsUOA _dUA-OsUOA |
||
| 245 |
_aСвітанок Тисі усміхнувся _bоповідання й повісті |
||
| 300 | _a413 с. | ||
| 955 | _a3 | ||
| 041 | _aukr | ||
| 080 | _a821.161.2 | ||
| 260 |
_aУжгород _bКарпати _c1966 |
||
| 650 | 7 |
_a343 Кримінальне право. Карні порушення _2UDC |
|
| 999 |
_c376789 _d376789 |
||